Normal view
MARC view
- Iturrioz, Paola,
Entry Nombre Personal
001 - NUMERO DE CONTROL
- campo de control: 38002
003 - IDENTIFICADOR DE NUMERO DE CONTROL
- campo de control: UPN
005 - FECHA Y HORA DE LA ÜLTIMA TRANSACCIÓN
- campo de control: 20210219194530.0
008 - DATOS DE LONGITUD FIJA
- campo de control de longitud fija: nabaccnnaabn|||||||||| b |nc|||||d
035 ## - NUMERO DE CONTROL
- Número de control: UPN11000010109
040 ## - FUENTE DE CATALOGACIÓN
- Lenguaje de catalogación: SPA
- Agencia de transcripción: UPN
100 1# - ENCABEZAMIENTO - NOMBRE PERSONAL
- Nombre personal: Iturrioz, Paola,
- Fechas asociadas con el nombre: 1972-
670 ## - FUENTE EN LA QUE SE LOCALIZARON DATOS
- Cita de la fuente: T
- Información localizada: Lenguas propias, lenguas ajenas : conflictos en la enseñanza de la lengua
680 ## - NOTA PUBLICA DE ACCESO PÚBLICO
- Frase explicativa de la referencia: Argentina. Profra. en Letras (Univ. de la Plata) docente en Didáctica de la Lengua y la Literatura
902 ## - CATALOGADOR
- Catalogador: EMR/261115
